000 00403nam a2200121Ia 4500
008 160712s9999 xx 000 0 und d
100 _aTiausas, Paolo.
245 _cPaolo Tiausas
_aAlamat Tuwing May Salita
260 _c2015
_bLikhaan: The Journal of Contemporary Philippine Literature
300 _avol. 9
650 _xTULA
856 _uhttp://journals.upd.edu.ph/index.php/lik/issue/view/539/showToc
999 _c297126
_d297126